Suave REMIX - El Alfa, Chencho Corleone, Bryant Myers, Noriel... - Estadísticas

Estadísticas generales
  • Esta prueba ha sido intentada 32 veces
  • La puntuación promedio es 488 de 810
Estadísticas de respuestas
Letra % Correcto
a
100%
A
100%
aguantar
100%
ahorita
100%
Báilame
100%
báilame
100%
bailas
100%
Cuando
100%
culo
100%
de
100%
doy
100%
e
100%
el
100%
El
100%
él
100%
Ella
100%
en
100%
En
100%
entrego
100%
eres
100%
es
100%
excita
100%
la
100%
La
100%
lambo
100%
Las
100%
las
100%
le
100%
Le
100%
lo
100%
los
100%
Mami
100%
más
100%
me
100%
100%
mi
100%
mujer
100%
no
100%
No
100%
o
100%
pa
100%
par
100%
para
100%
Para
100%
pasar
100%
pone
100%
pongo
100%
por
100%
Por
100%
puedo
100%
Que
100%
que
100%
quieras
100%
se
100%
Se
100%
suave
100%
Suave
100%
Súbete
100%
te
100%
Te
100%
to
100%
toda
100%
todita
100%
100%
100%
tu
100%
Tu
100%
tubo
100%
un
100%
una
100%
Una
100%
veo
100%
Y
100%
y
100%
yo
100%
Yo
100%
al
67%
Al
67%
buena
67%
coger
67%
como
67%
Como
67%
con
67%
cuatro
67%
dar
67%
Demasiado
67%
está
67%
esta
67%
estás
67%
estas
67%
estoy
67%
hablar
67%
loco
67%
loquito
67%
modelo
67%
ni
67%
pidas
67%
pla
67%
Pla
67%
quiere
67%
Ra
67%
revista
67%
rogando
67%
Si
67%
si
67%
ti
67%
traigo
67%
voy
67%
ama
33%
bicho
33%
bo
33%
brasileña
33%
Bros
33%
cama
33%
chocha
33%
compro
33%
cuarto
33%
dice
33%
dio
33%
duro
33%
encasquilla
33%
ey
33%
fina
33%
fresco
33%
gusta
33%
gustan
33%
hago
33%
Ho
33%
hora
33%
leña
33%
lento
33%
les
33%
loca
33%
maduros
33%
novio
33%
pantys
33%
parece
33%
pero
33%
pide
33%
Pídeme
33%
plata
33%
Plátano
33%
plátano
33%
plátanos
33%
playboy
33%
quieres
33%
quiero
33%
rápido
33%
Rolex
33%
sabes
33%
tigueron
33%
único
33%
vaina
33%
ver
33%
ves
33%
abre
0%
alce
0%
amigos
0%
andamos
0%
andan
0%
Ando
0%
Aquí
0%
así
0%
atrás
0%
atrevida
0%
Baby
0%
baby
0%
babys
0%
bailar
0%
Balenciaga
0%
bam
0%
Bang
0%
bebe
0%
bello
0%
bien
0%
blacky
0%
boca
0%
botella
0%
caiga
0%
camina
0%
cargarte
0%
chinga
0%
chinos
0%
chiri
0%
Chiri
0%
chupa
0%
cielo
0%
clon
0%
coca
0%
coco
0%
cocos
0%
codos
0%
cojón
0%
Colorado
0%
compares
0%
compramos
0%
conmigo
0%
Conmigo
0%
coronas
0%
crezco
0%
cuanto
0%
Dale
0%
Dame
0%
dando
0%
del
0%
demonia
0%
Desacatado
0%
digo
0%
dije
0%
dinero
0%
donde
0%
drogas
0%
emboca
0%
empiezo
0%
enfermedad
0%
enquilla
0%
equipaje
0%
esa
0%
ese
0%
estatuilla
0%
este
0%
estilla
0%
expreso
0%
eyaculo
0%
fácil
0%
feca
0%
flow
0%
forma
0%
frente
0%
funciona
0%
gano
0%
gata
0%
gato
0%
gente
0%
Gucci
0%
has
0%
hasta
0%
ir
0%
lago
0%
lana
0%
leche
0%
locas
0%
locotrona
0%
macarena
0%
maceta
0%
Machúcalo
0%
maletero
0%
mandado
0%
menciona
0%
metemos
0%
mierda
0%
millaje
0%
mío
0%
mira
0%
Moët
0%
molesta
0%
Mueve
0%
nadie
0%
nalga
0%
nananina
0%
nunca
0%
ofrecido
0%
pago
0%
palos
0%
parecer
0%
pariguayos
0%
party
0%
peaje
0%
pelas
0%
peluda
0%
perdonas
0%
periodo
0%
pilón
0%
piquete
0%
piso
0%
plap
0%
poco
0%
pocos
0%
podo
0%
poloche
0%
Porque
0%
Pórtate
0%
pregunta
0%
presento
0%
primero
0%
púbico
0%
puta
0%
quita
0%
roca
0%
roncan
0%
rumba
0%
salga
0%
Salga
0%
salieron
0%
sea
0%
sida
0%
Siempre
0%
siempre
0%
Son
0%
son
0%
soy
0%
Soy
0%
tengo
0%
tigueraje
0%
tocar
0%
ton
0%
tornillos
0%
tráeme
0%
tragos
0%
Trépate
0%
tumba
0%
uniforme
0%
unos
0%
untar
0%
usa
0%
Ustedes
0%
vacacionas
0%
vale
0%
Valentino
0%
vaya
0%
vengas
0%
venir
0%
verdad
0%
verme
0%
vida
0%
viva
0%
vivan
0%
vivo
0%
ya
0%
yodo
0%
No se encontraron pruebas coincidentes
Distribución de puntuación
Porcentaje de gente con cada puntuación
Porcentaje por número respondido
Historial de tus puntuaciones
No has intentado esta prueba.